Oasis Discography - Statistics

General Stats
  • This quiz has been taken 149 times
  • The average score is 36 of 78
Answer Stats
Album Track % Correct
(What's The Story) Morning Glory? Wonderwall
87%
(What's The Story) Morning Glory? Champagne Supernova
85%
(What's The Story) Morning Glory? Don't Look Back In Anger
85%
Definitely Maybe Supersonic
81%
Definitely Maybe Live Forever
80%
Definitely Maybe Rock 'n' Roll Star
80%
(What's The Story) Morning Glory? Hello
79%
Definitely Maybe Slide Away
76%
(What's The Story) Morning Glory? Roll With It
70%
(What's The Story) Morning Glory? She's Electric
70%
Definitely Maybe Married With Children
69%
Be Here Now Stand By Me
69%
Definitely Maybe Columbia
68%
(What's The Story) Morning Glory? Morning Glory
68%
Be Here Now All Around The World
67%
Be Here Now All Around The World (Reprise)
67%
Be Here Now Be Here Now
67%
Definitely Maybe Cigarettes & Alcohol
67%
Definitely Maybe Shakermaker
67%
(What's The Story) Morning Glory? Some Might Say
67%
Definitely Maybe Digsy's Dinner
65%
Don't Believe The Truth Lyla
64%
(What's The Story) Morning Glory? Untitled / The Swamp Song
64%
(What's The Story) Morning Glory? Hey Now!
63%
(What's The Story) Morning Glory? Cast No Shadow
62%
Be Here Now D'You Know What I Mean?
58%
Heathen Chemistry Little By Little
58%
Definitely Maybe Up In The Sky
57%
Heathen Chemistry Stop Crying Your Heart Out
56%
Don't Believe The Truth The Importance Of Being Idle
55%
Definitely Maybe Bring It On Down
54%
Be Here Now Don't Go Away
53%
Heathen Chemistry Songbird
53%
Heathen Chemistry The Hindu Times
53%
Standing On The Shoulder Of Giants Little James
52%
Standing On The Shoulder Of Giants F**kin' In The Bushes
51%
Standing On The Shoulder Of Giants Gas Panic!
51%
Be Here Now The Girl In The Dirty Shirt
49%
Standing On The Shoulder Of Giants Go Let It Out
48%
Be Here Now Magic Pie
46%
Standing On The Shoulder Of Giants Sunday Morning Call
46%
Be Here Now My Big Mouth
45%
Dig Out Your Soul I'm Outta Time
44%
Don't Believe The Truth Let There Be Love
43%
Standing On The Shoulder Of Giants Where Did It All Go Wrong?
41%
Be Here Now I Hope, I Think, I Know
38%
Be Here Now It's Gettin' Better (Man!!)
38%
Standing On The Shoulder Of Giants Roll It Over
37%
Standing On The Shoulder Of Giants Who Feels Love?
37%
Dig Out Your Soul The Shock Of The Lightning
36%
Be Here Now Fade In-Out
33%
Heathen Chemistry She Is Love
30%
Dig Out Your Soul Bag It Up
29%
Dig Out Your Soul Falling Down
29%
Don't Believe The Truth Mucky Fingers
27%
Standing On The Shoulder Of Giants I Can See A Liar
26%
Standing On The Shoulder Of Giants Put Yer Money Where Yer Mouth Is
26%
Dig Out Your Soul The Turning
24%
Don't Believe The Truth Turn Up The Sun
24%
Heathen Chemistry Better Man
23%
Heathen Chemistry Hung In A Bad Place
22%
Don't Believe The Truth Part Of The Queue
22%
Heathen Chemistry Force Of Nature
21%
Dig Out Your Soul (Get Off Your) High Horse Lady
20%
Don't Believe The Truth Guess God Thinks I'm Abel
20%
Heathen Chemistry Born On A Different Cloud
19%
Heathen Chemistry A Quick Peep
18%
Heathen Chemistry (Probably) All In The Mind
18%
Dig Out Your Soul Soldier On
18%
Don't Believe The Truth The Meaning Of Soul
18%
Dig Out Your Soul Waiting For The Rapture
18%
Don't Believe The Truth A Bell Will Ring
15%
Don't Believe The Truth Keep The Dream Alive
15%
Heathen Chemistry The Cage (hidden track)
14%
Dig Out Your Soul Ain't Got Nothin'
13%
Don't Believe The Truth Love Like A Bomb
12%
Dig Out Your Soul The Nature Of Reality
10%
Dig Out Your Soul To Be Where There's Life
10%
No matching quizzes found
Score Distribution
Percent of People with Each Score
Percentile by Number Answered
Your Score History
You have not taken this quiz